000 00935nam a2200241Ia 4500
003 OSt
005 20220923211458.0
006 a|||||r|||| 00| 0
007 ta
008 Pun
020 _a9789351136149 (hbk)
_c595
024 _a290,485
037 _b964, 16/12/2015, H.K. Prakashan
_cTextual
040 _aARTS
_cARTS
_bPun
041 _2Pun
_aPun
082 _a4wN23, 153Q5
100 _aਨਈਅਰ, ਕੁਲਦੀਪ; ਜੈਹਲ, ਅਰਵਿੰਦਰ, ੳਗ.
_9160587
245 0 _aਅਜੋਕੇ ਭਾਰਤ ਦੀ ਅਣਕਹੀ ਦਾਸਤਾਨ
_b ਕੁਲਦੀਪ ਨਈਅਰ ਦੀ ਸਵੈ-ਜੀਵਨੀ
260 _aਚੰਡੀਗੜ੍ਹ
_b ਯੂਨੀਸਟਾਰ
_c2015
300 _a663ਪੰ
_ccm.
942 _h4wN23, 153Q5
_cTEXL
_2CC
999 _c299952
_d299952